| 000 | 00580nmm a2200169Ia 4500 | ||
|---|---|---|---|
| 008 | 251105s9999||||xx |||||||||||||||||und|| | ||
| 020 | _a9789560006387 | ||
| 041 | _aspa | ||
| 100 | _aHorvath Kiss, Antonio | ||
| 245 | 0 | _aLa revolución de los territorios y de las energías: Patagonia, aguas, glaciares y borde costero: libres | |
| 264 |
_a[Santiago de Chile, Chile] : _bLOM Ediciones, _c2015 |
||
| 300 | _a208 páginas | ||
| 490 | _aCiencias Sociales y Humanas | ||
| 650 | _aEnvironmental Sciences | ||
| 856 | _uhttps://public.digitaliapublishing.com/a/50959 | ||
| 942 | _cCF | ||
| 999 |
_c93533 _d93533 |
||